| 000 | 01223cam a2200265 4500 | ||
|---|---|---|---|
| 001 | ABS66934 | ||
| 008 | 030715n2003 000 0 eng u | ||
| 035 | _a(Sirsi) u123016 | ||
| 245 | _aArcher v Richard Henry Robinson | ||
| 260 | _c2003 | ||
| 490 |
_aRating and Valuation Reporter _v[2003] RVR 213-215(3) |
||
| 520 | _a[2003] EWCA Civ 642, 15 April 2003. Appellant (A) sought an extension of time within which to appeal. Extension granted. A lodged an appeal against LT decision (RA/19/2002, Abs66486) dismissing its challenge to a 1995 rating list assessment of the property it occupied which was in the sum of £32 000. CA refused permission for A to appeal as there was no evidence that the LT had erred in law in determining that roofing works were repairs and not improvements. LT decision upheld. Rateable value assessed at £32 000. | ||
| 590 | _aABS | ||
| 650 | _aARCHER LTD V ROBINSON (VO) | ||
| 650 | _aROOFING | ||
| 650 | _aLOCAL GOVERNMENT FINANCE ACT 1988 | ||
| 650 | _aLEAKS | ||
| 650 | _aHYPOTHETICAL LANDLORDS | ||
| 650 | _aREPAIRS | ||
| 650 | _aRATEABLE VALUE | ||
| 650 | _aRATING APPEALS | ||
| 650 | _aEXTENSION OF TIME | ||
| 690 | _aRATING AND LOCAL TAXATION-CASE LAW | ||
| 942 | _n0 | ||
| 999 |
_c73052 _d73052 |
||